[Event "BEM-ch U18"]
[Site "Tamm"]
[Date "2000.01.29"]
[Round "2"]
[White "Schneider, Tilman"]
[Black "Doering, Alexander"]
[Result "0-1"]
[WhiteElo "1154"]
[BlackElo "1440"]
[PlyCount "56"]
[EventDate "2000.01.22"]
[EventType "swiss"]
[EventRounds "5"]
[EventCountry "GER"]
[SourceTitle "EXT 2003"]
[Source "ChessBase"]
[SourceDate "2002.11.25"]
[SourceVersion "1"]
[SourceVersionDate "2002.11.25"]
[SourceQuality "1"]

1. e4 c5 2. Bc4 e6 3. Nc3 a6 4. a3 b5 5. Ba2 Bb7 6. d3 Nf6 7. Bg5 Be7 8. Nf3 d5 9. exd5 exd5 10. Qe2 0-0 11. 0-0 Re8 12. d4 c4 13. Qd2 Nc6 14. Bxf6 Bxf6 15. b3 Qd6 16. bxc4 dxc4 17. Ne2 Ne7 18. c3 Bxf3 19. gxf3 Qd5 20. f4 Ng6 21. Ng3 Nh4 22. f3 Nxf3+ 23. Rxf3 Qxf3 24. Rf1 Qe3+ 25. Qxe3 Rxe3 26. Rc1 Rae8 27. Kg2 Bh4 28. Rc2 Bxg3 0-1

[Event "BEM-ch U18"]
[Site "Tamm"]
[Date "2000.01.22"]
[Round "1"]
[White "Krautmann, Wenzel"]
[Black "Schneider, Tilman"]
[Result "1/2-1/2"]
[WhiteElo "1526"]
[BlackElo "1154"]
[PlyCount "84"]
[EventDate "2000.01.22"]
[EventType "swiss"]
[EventRounds "5"]
[EventCountry "GER"]
[SourceTitle "EXT 2003"]
[Source "ChessBase"]
[SourceDate "2002.11.25"]
[SourceVersion "1"]
[SourceVersionDate "2002.11.25"]
[SourceQuality "1"]

1. e4 e5 2. Nf3 Nc6 3. Bc4 Bc5 4. c3 h6 5. d4 exd4 6. cxd4 Bb4+ 7. Bd2 d6 8. Bxb4 Nxb4 9. Qa4+ Nc6 10. d5 Bd7 11. dxc6 Bxc6 12. Bb5 Ne7 13. Bxc6+ Nxc6 14. Nd4 Qd7 15. Nxc6 bxc6 16. Nd2 0-0 17. Rc1 Qg4 18. 0-0 c5 19. Rc3 f5 20. Qd7 Qf4 21. Qe6+ Kh8 22. Qd5 fxe4 23. Nxe4 Qg4 24. Rh3 Rae8 25. f3 Qd7 26. Nxc5 Qb5 27. Qd4 dxc5 28. Rxh6+ Kg8 29. Qd5+ Rf7 30. Rh8+ Kxh8 31. Qxf7 c4 32. Rd1 Qc5+ 33. Kh1 Qe3 34. h3 Qe2 35. Rd5 Re6 36. Rd8+ Kh7 37. Rd5 Re5 38. Rxe5 Qxe5 39. Qxc4 Qe1+ 40. Kh2 Qe5+ 41. Kg1 Qxb2 42. Qxc7 Qxa2 1/2-1/2